000 02038nam a2200529 i 4500
001 25903
003 KOSZ 005
005 20200827120917.0
008 200827s1971 pl a f 000 0 pol
015 _aUWD B 490/70-72
035 _a991036923059705066
035 _a(PL-WaBN)b19909421-48omnis_nlop
035 _ab19909421
035 _a(OCoLC)838958989
035 _a(PL)b0000001990942
035 _a(EXLNZ-48OMNIS_NETWORK)9910247226405606
040 _aWA N
_cWA N
_dKOSZ 005/RW
046 _k1971
080 _a621.316
080 _a661
100 1 _aFrączek, Teresa
_c(chemia)
_eAutor
245 1 0 _aBadanie wpływu warunków redukcji V₂O₅ amoniakiem na własności tworzywa termistorowego M-2 /
_cTeresa Frączek ; Instytut Technologii Elektronowej przy Naukowo-Produkcyjnym Centrum Półprzewodników.
260 _aWarszawa :
_b"Wema",
_c1971.
300 _a23, [3] strony :
_bilustracje ;
_c24 cm.
336 _aTekst
_btxt
_2rdacontent
337 _aBez urządzenia pośredniczącego
_bn
_2rdamedia
338 _aWolumin
_bnc
_2rdacarrier
380 _aKsiążki
380 _aPublikacje fachowe
388 1 _a1901-2000
388 1 _a1945-1989
490 1 _aPrace Instytutu Technologii Elektronowej ;
_vIV, 5
504 _aBibliografia na stronie 16.
506 _aNa prawach rękopisu, do użytku służbowego.
650 7 _aPółprzewodniki
650 7 _aTermistory
650 7 _aPrzewodnictwo elektryczne
650 7 _aPomiary
655 7 _aOpracowanie
658 _aInżynieria i technika
710 2 _aCentrum Naukowo-Produkcyjne Półprzewodników i Mikroelektroniki.
_bInstytut Technologii Elektronowej
710 2 _aWydawnictwa Przemysłu Maszynowego "Wema"
_4pbl
830 0 _aPrace Instytutu Technologii Elektronowej CEMI
_vIV, 5
856 _uhttp://koha.tu.koszalin.pl/cgi-bin/koha/opac-detail.pl?biblionumber=25903
_yKatalog online BPK
942 _2UKD
_cKS
999 _c25903
_d25903